Grosses Abkürzungsbuch. Abkürzungen - Kurzworter - Zeichen - Symbole /

Gespeichert in:
Bibliographische Detailangaben
1. Verfasser: Koblischke, Heinz (Verfasst von)
Format: Buch
Sprache:Deutsch
Veröffentlicht: Leipzig : VEB Bibliographisches Institut, 1978
Tags: Tag hinzufügen
Keine Tags, Fügen Sie das erste Tag hinzu!

MARC

LEADER 00000nam a22000003a 4500
001 stu320
005 20150617225621.5
008 910514s1978----gw------------------ger-d
040 |a STU  |b slo 
041 0 |a ger 
044 |a gw 
080 |a 801.321.1=30  |7 stu_us_auth*stu8375 
100 1 |a Koblischke, Heinz  |4 aut 
245 1 |a Grosses Abkürzungsbuch. Abkürzungen - Kurzworter - Zeichen - Symbole /  |c [aut.] Koblischke,Heinz 
260 |a Leipzig :  |b VEB Bibliographisches Institut,  |c 1978 
300 |a 469 s 
996 |b E74323  |c E*74323  |l EE18  |s P  |a 0  |w stu320_0001